| 000 | 00590nam a2200205Ia 4500 | ||
|---|---|---|---|
| 003 | OSt | ||
| 005 | 20250220091249.0 | ||
| 008 | 210210b1983 xxu||||| |||| 00| 0 eng d | ||
| 040 | _cAL | ||
| 041 | _aKan | ||
| 082 | _aK894.8 JAVK | ||
| 100 |
_aJAVAREGAUDA (D), Ed. _dಜವರೇಗೌಡ _9201431 |
||
| 245 |
_aKanunu mitra. _bಕಾನೂನು ಮಿತ್ರ |
||
| 260 |
_aMaisuru _bShri Pi Em Chikkaborayya Sanmana Samiti _c1983 |
||
| 300 | _a251 | ||
| 650 |
_aChikkaborayya Abhinandana _9201432 |
||
| 690 |
_aKannada Miscellaneous _9201433 |
||
| 906 | _a043984 | ||
| 942 |
_2ddc _cBK |
||
| 999 |
_c93589 _d93589 |
||